Long-term care for older people

Salvato in:
Dettagli Bibliografici
Natura: Libro
Lingua:inglese
Pubblicazione: Paris OECD 2005
Serie:<The> OECD health project
Soggetti:
Tags: Aggiungi Tag
Nessun Tag, puoi essere il primo ad aggiungerne!!

MARC

LEADER 00000nam$a2200000$$$4500
001 0036338
005 20240315120905.6
020 |a 92-64-00848-9 
041 0 |a eng 
044 |a FR 
245 1 0 |a Long-term care for older people 
264 1 |a Paris  |b OECD  |c 2005 
300 |a 137 s. 
490 1 |a <The> OECD health project 
830 0 |a <The> OECD health project 
610 2 0 |a starostlivosť o invalidov 
610 2 0 |a starostlivosť o prestárlych 
610 2 0 |a starostlivosť zdravotná 
610 2 0 |a porovnanie medzinárodné 
610 2 0 |a porovnanie štatistické medzinárodné 
610 2 0 |a svet 
610 2 0 |a financovanie